Normal view
MARC view
Entry Personal Name
001 - CONTROL NUMBER
- control field: 877994
003 - CONTROL NUMBER IDENTIFIER
- control field:
005 - DATE AND TIME OF LATEST TRANSACTION
- control field: 20210627090527.0
008 - FIXED-LENGTH DATA ELEMENTS
- fixed length control field: 210627|| aca||aabn | a|a d
040 ## - CATALOGING SOURCE
- Original cataloging agency:
- Transcribing agency:
100 ## - HEADING--PERSONAL NAME
- Personal name: Lichtenberg, Georg Christoph,
- Dates associated with a name: 1742-1799
- General subdivision: Correspondence
670 ## - SOURCE DATA FOUND
- Source citation: Work cat.: ()757653: Lichtenberg, Georg Christoph, 1742-1799 877993, Aphorismen, Briefe, Satiren /, [n.d.]
